Кредитно-банковская сфера г. Юрги; Прогрессивные технологии и экономика в машиностроении

Bibliografski detalji
Parent link:Прогрессивные технологии и экономика в машиностроении.— 2014.— [С. 276-278]
Glavni autor: Полянская А. А.
Autor kompanije: Национальный исследовательский Томский политехнический университет (ТПУ) Юргинский технологический институт (филиал) (ЮТИ) Кафедра экономики и автоматизироанных систем управления (ЭАСУ)
Daljnji autori: Соловенко И. С. Игорь Сергеевич (научный руководитель)
Sažetak:Заглавие с экрана
Jezik:ruski
Izdano: 2014
Serija:Экономика, менеджмент и маркетинг на предприятии
Teme:
Online pristup:http://earchive.tpu.ru/handle/11683/73463
Format: Elektronički Poglavlje knjige
KOHA link:https://koha.lib.tpu.ru/cgi-bin/koha/opac-detail.pl?biblionumber=614745

MARC

LEADER 00000naa2a2200000 4500
001 614745
005 20231101132825.0
035 |a (RuTPU)RU\TPU\conf\12915 
035 |a RU\TPU\conf\12910 
090 |a 614745 
100 |a 20151013d2014 k y0rusy50 ca 
101 0 |a rus  |g rus 
102 |a RU 
105 |a y z 100zy 
135 |a drcn ---uucaa 
181 0 |a i  
182 0 |a b 
200 1 |a Кредитно-банковская сфера г. Юрги  |f А. А. Полянская  |g науч. рук. И. С. Соловенко 
203 |a Текст  |c электронный 
215 |a 1 файл(249 Кб) 
225 1 |a Экономика, менеджмент и маркетинг на предприятии 
230 |a Электронные текстовые данные (1 файл: 249 Кб) 
300 |a Заглавие с экрана 
320 |a [Библиогр.: с. 278 (2 назв.)] 
337 |a Adobe Reader 
463 1 |0 (RuTPU)RU\TPU\conf\11902  |t Прогрессивные технологии и экономика в машиностроении  |o сборник трудов V Всероссийской научно-практической конференции для студентов и учащейся молодежи, 3-5 апреля 2014 г. Юрга  |f Национальный исследовательский Томский политехнический университет (ТПУ), Юргинский технологический институт (ЮТИ) ; отв. ред. Д. А. Чинахов  |v [С. 276-278]  |d 2014 
610 1 |a электронный ресурс 
610 1 |a труды учёных ТПУ 
610 1 |a кредитование 
610 1 |a банковские услуги 
610 1 |a Юрга 
610 1 |a банки 
610 1 |a кредиты 
700 1 |a Полянская  |b А. А. 
702 1 |a Соловенко  |b И. С.  |c историк, экономист  |c доцент Юргинского технологического института (филиала) Томского политехнического университета  |f 1971-  |g Игорь Сергеевич  |2 stltpush  |4 727 
712 0 2 |a Национальный исследовательский Томский политехнический университет (ТПУ)  |b Юргинский технологический институт (филиал) (ЮТИ)  |b Кафедра экономики и автоматизироанных систем управления (ЭАСУ)  |h 360  |2 stltpush  |3 (RuTPU)RU\TPU\col\18900 
801 1 |a RU  |b 63413507  |c 20101016 
801 2 |a RU  |b 63413507  |c 20221102  |g RCR 
856 4 |u http://earchive.tpu.ru/handle/11683/73463 
942 |c BK